000 00876nam a2200241 a 4500
001 1042612
005 19891003060523.2
008 891003s1989 nyuaf d 000 0deng
010 _a 89146595
020 _a0451158180
040 _aDLC
_cDLC
_dDLC
050 0 0 _aAG5
_b.N49 1984
245 0 4 _aThe New American desk encyclopedia.
250 _aRev. and updated ed.
260 _aNew York, N.Y. :
_bNew American Library,
_cc1989.
300 _a1374 p., [16] p. of plates :
_bill. (some col.) ;
_c18 cm.
500 _a"Derivation and adaptation of the University desk encyclopedia"--T.p. verso.
500 _a"A signet book."
650 0 _aEncyclopedias and dictionaries.
906 _a7
_bcbc
_corignew
_d2
_encip
_f19
_gy-gencatlg
942 _2lcc
_cBK
999 _c35539
_d35539